00533nam a2200193 a 4500001001300000003000900013005001700022008004100039020000900080082001800089100002700107245005200134260003500186300000900221500003500230505002400265650002300289700002700312nice12345678IN_TiNIC20260116011912.0070803s1973 newa grp 000 0 urd  ac1600a297.1227bQID aQidwai, Mohammad Salim aHindustani Mufassireen Aur Unki Arabi Tafseeren aNew DelhibMaktaba Jamiac1973 a352p aincludes index and biblioraphy2 aIndex, Bibliography aQuran-Hermeneutics1 aQidwai, Mohammad Salim